Normal view
MARC view
- Petroleum reserves
Entry Topical Term
001 - CONTROL NUMBER
- control field: 41048
003 - CONTROL NUMBER IDENTIFIER
- control field: OSt
005 - DATE AND TIME OF LATEST TRANSACTION
- control field: 20160907120000.0
008 - FIXED-LENGTH DATA ELEMENTS
- fixed length control field: 160907|| aca||babn | a|a d
040 ## - CATALOGING SOURCE
- Original cataloging agency: OSt
150 ## - HEADING--TOPICAL TERM
- Topical term or geographic name as entry element: Petroleum reserves
- General subdivision: Fluid dynamics